| 000 | 00726nam a2200253Ia 4500 | ||
|---|---|---|---|
| 003 | OSt | ||
| 005 | 20220928124616.0 | ||
| 006 | a|||||r|||| 00| 0 | ||
| 007 | ta | ||
| 008 | 220927b |||||||| |||| 00| 0 eng d | ||
| 024 | _a68119 | ||
| 037 | _cTextual | ||
| 040 |
_aSDCL _cSDCL _beng |
||
| 041 |
_2eng _aeng |
||
| 082 | _aX:8D:(D6,8(B)), P5 | ||
| 100 |
_aDalton Steve _9466453 |
||
| 245 | 0 |
_aExcel add-in development in C/C ++ _bApplications in finance |
|
| 260 |
_aOxford _bJohn Wiley _c2005 |
||
| 300 |
_axvi,403p _ccm. |
||
| 490 | _aWiley finance series | ||
| 650 |
_aComputer Applications Finance _9466454 |
||
| 942 |
_hX:8D:(D6,8(B)), P5 _cTEXL _2CC |
||
| 999 |
_c779306 _d779306 |
||